Представление документа в формате MARC21

Поле Инд. ПП Название Значение
Тип записи a
Библиографический уровень m
001 Контрольный номер RU/IS/BASE/387895256
005 Дата корректировки 20251117120757.4
008 Кодируемые данные 20120416
020 a ISBN 9785699372270
040 00 e Правила каталог. Л 970922
084 a Индекс другой классификации/Индекс ББК 84(4Вел)52-446
090 00 a Полочн. индекс 84(4Вел)52-446
x Авторский знак Б 885
097 00 a 210
100 10 a Автор Бронте Э.
q Полное имя Бронте Эмили; Bronte Emely Jane
u Дополнение к имени Bronte E. J.
245 00 a Заглавие Грозовой Перевал
b Продолж. заглавия роман
c Ответственность перевод с английского Н. Вольпина; ответственный редактор Е. Назарова; художник Н. Ярусова
246 01 a Другая форма заглавия Wuthering Heghts
260 00 a Место издания Москва
b Издательство Эксмо
c Дата издания 2011
300 00 a Объем 480 с.
336 a Термин вида содержания Текст
337 a Термин типа средства непосредственный
440 _0 a Серия Современные и классические бестселлеры
650 04 a Основная рубрика художественная литература
653 00 a Ключевые слова XIX век
a Ключевые слова английская литература
a Ключевые слова Великобритания
a Ключевые слова любви тема
655 00 a Жанр/ форма (устаревшее) проза
a Жанр/ форма (устаревшее) роман
a Жанр/ форма (устаревшее) лирическая проза
700 10 a Автор Вольпин Н.
e Роль лиц переводчик
700 1_ a Автор Назарова Е.
e Роль лиц редактор
700 1_ a Автор Ярусова Н.
e Роль лиц художник
787 18 w Контрольный номер связываемой записи RU/IS/BASE/264546797
787 18 w Контрольный номер связываемой записи RU/IS/BASE/362243202
901 t Тип документа m
952 a Тип литературы для КСУ ВШ ЛХИ